Las agrupaciones de interš econm̤ico

Bibliographic Details
Main Author: Gm̤ez Calero, Juan
Corporate Author: Agrupacin̤ Europea de Interš Econm̤ico
Format: Unknown
Language:Spanish
Published: Barcelona : Jos ̌Maria Bosch, 1993
Subjects:
Online Access:Acceso restringido

MARC

LEADER 00000ny a22000003n 4500
005 20110607112148.0
008 970417s1993 sp 000 spa d
017 |a B4637-1993 
020 |a 8476982305 
035 |a 1198 
040 |a UCM.DER  |d vLex 
040 |a UMA.RE  |d vLex 
080 |a 334.75:347.72(4-672CE)(094.2) 
080 |a 334.75:347.72(460)(094.1) 
080 |a 347.72(4-672CE)(094.2):334.75 
080 |a 347.72(460)(094.1):334.75 
090 |c 519  |d 519 
100 1 |a Gm̤ez Calero, Juan 
245 1 4 |a Las agrupaciones de interš econm̤ico  |h [Recurso electrn̤ico]  |c Juan Gm̤ez Calero 
256 |a Servicio en ln̕ea 
260 |a Barcelona :  |b Jos ̌Maria Bosch,  |c 1993 
300 |a 281 p. ;  |c 24 cm 
506 1 |a Contenido solo disponible en los productos indicados  |d vLex Global  |d vLex Global (Academic Edition, excluding Law Schools)  |d vLex Global (U.S. Academic Edition, Law Schools)  |d vLex Global (U.S. Academic Edition, excluding Law Schools)  |d vLex Global (Academic Edition, Law Schools) 
650 0 7 |a Agrupacin̤ de interš economico  |2 Tesauro vLex 
650 0 7 |a Societario  |2 Tesauro vLex 
650 0 7 |a Derecho de sociedades  |2 Tesauro vLex 
710 2 |a Agrupacin̤ Europea de Interš Econm̤ico 
740 0 |a vLex Libros (Servicios en ln̕ea) 
856 4 0 |u http://vlex.com/source/1198  |z Acceso restringido 
942 |c BOOK 
999 0 |a Corporation law  |b Barcelona